[Event "ROM-ch"]
[Site "Olanesti"]
[Date "2016.04.04"]
[Round "3"]
[White "Salcu, Laurentiu"]
[Black "Miroi, Robert Andrei"]
[Result "0-1"]
[WhiteElo "2028"]
[BlackElo "1985"]
[PlyCount "64"]
[EventDate "2016.04.02"]
[EventType "swiss"]
[EventRounds "9"]
[EventCountry "ROU"]
[SourceTitle "CBM 171 Extra"]
[Source "ChessBase"]
[SourceDate "2016.04.26"]
[SourceVersion "1"]
[SourceVersionDate "2016.04.26"]
[SourceQuality "1"]

1. e4 c5 2. Nf3 e6 3. d4 cxd4 4. Nxd4 Nf6 5. Nc3 Nc6 6. Ndb5 d6 7. Bf4 e5 8. Bg5 a6 9. Bxf6 gxf6 10. Na3 b5 11. Nd5 Bg7 12. Bd3 Ne7 13. Nxe7 Qxe7 14. 0-0 0-0 15. c4 b4 16. Nc2 Rb8 17. Ne3 f5 18. Nd5 Qg5 19. exf5 Rb7 20. Qf3 f6 21. Rfe1 Kh8 22. Re4 Bxf5 23. Ne3 Bc8 24. g4 f5 25. Nxf5 Rxf5 26. Qh3 Bh6 27. Rae1 Rbf7 28. Qg3 Rf3 29. Qg2 Rxd3 30. h4 Qxh4 31. Rxe5 dxe5 32. Rxe5 Rd1+ 0-1